América Central, una tarea inconclusa: de traspatio a cintura del continente /

Сохранить в:
Библиографические подробности
Главный автор: Ramírez Briceño, Edgar Roy
Формат: Текст
Предметы:
Метки: Добавить метку
Нет меток, Требуется 1-ая метка записи!

MARC

LEADER 00000 a a2200000 04500
001 15497
003
040
100 |a Ramírez Briceño, Edgar Roy  
245 |a América Central, una tarea inconclusa:   |b de traspatio a cintura del continente /  |c Edgar Roy Ramírez Briceño 
650 |a FUERZAS ARMADAS  
650 |a DEMOCRACIA  
650 |a DESARROLLO ECONOMICO Y SOCIAL  
650 |a GEOGRAFIA POLITICA  
650 |a SOCIEDAD  
650 |a POLITICA  
650 |a CAMBIO TECNOLOGICO  
773 |g volumen 35, número 86; páginas 195-200  
999 |c 27418  |d 27418